Score 0/28 Timer 03:00
7 Plays Today
Hint Answer % Correct
Kermit the Frog says it's not easy being this COLOR.GREEN
99.7%
Excessive desire to keep wealth or goods for oneself.GREED
94.8%
The COLOR of the house in which the current U.S. President lives.WHITE
93.3%
Jaws was one.SHARK
91.3%
1995 Sandra Bullock film: '_____ You Were Sleeping.'WHILE
90.2%
Willy (from the 'Free Willy' movies) was one.WHALE
88.4%
To form letters, words, or symbols on a surface, usually paper.WRITE
88%
A small house, or the second half of the Bill Murray movie title 'Caddy_____.'SHACK
87.5%
The COLOR of the horse described in Anna Sewell's classic 1877 novel.BLACK
86.9%
To propagate plants or animals sexually and usually under controlled conditions.BREED
85.2%
To have in common or use jointly.SHARE
85%
To shed liquid (e.g. blood), or the part of the page that is trimmed off in printing.BLEED
83.4%
Fine-grained sedimentary rock composed of mud, clay, and other minerals.SHALE
80.7%
Loose, or lacking in activity.SLACK
79.3%
Hint Answer % Correct
To mix or fuse.BLEND
79.1%
Mild, insipid, or uninteresting.BLAND
78.4%
Type of gun cartridge containing gunpowder but no bullet or shot.BLANK
76.9%
This is both a COLOR and an Ivy League University in Providence, RI.BROWN
69%
Stumbles or falls.TRIPS
62.9%
Expands, gains, or ages.GROWS
62%
Short term for the hair over your eyes.BROWS
61.7%
This green stuff grew all around, all around, according to a popular childrens' song.GRASS
60.4%
Dice game in which players place wagers on the outcome of rolls of a dice pair.CRAPS
60.3%
Disgusting, or a counting unit equal to 144.GROSS
59.9%
Devices or tactics for catching an intruder or enemy.TRAPS
59.8%
Lacking sensitivity, refinement, or delicacy.CRASS
52.9%
Type of edible offal from the stomachs of various farm animals.TRIPE
51.4%
Lacking in freshness due to excessive repetition or constant use. TRITE
50.4%

Today's Daily Dose

Remove Ads.
Support Sporcle.
Get the best of Sporcle when you Go Orange. This ad-free experience offers more features, more stats, and more fun while also helping to support Sporcle. Thank you for becoming a member.

You're not logged in!

Compare scores with friends on all Sporcle quizzes.
OR
Log In

Show Comments

Extras

Top Quizzes Today


Score Distribution

Your Account Isn't Verified!

In order to create a playlist on Sporcle, you need to verify the email address you used during registration. Go to your Sporcle Settings to finish the process.

Report this User

Report this user for behavior that violates our Community Guidelines.

Details: